MARC

LEADER 00000nam0a2200000 4500
001 374894
005 20231102012704.0
035 |a (RuTPU)RU\TPU\retro\32329 
035 |a RU\TPU\book\226422 
090 |a 374894 
100 |a 20221219d1976 km y0rusy50 ca 
101 1 |a rus  |c eng 
102 |a RU 
105 |a a z 001zy 
200 1 |a Современная прикладная алгебра  |e пер. с англ.  |f Г. Биркгоф, Т. Барти 
210 |a Москва  |c Мир  |d 1976 
215 |a 400 с.  |c ил. 
320 |a Библиография в конце глав. 
320 |a Предметный указатель: с. 391-396. 
606 1 |a Алгебра  |2 stltpush  |3 (RuTPU)RU\TPU\subj\1723  |9 30429 
610 1 |a прикладная алгебра 
610 1 |a множества 
610 1 |a функции 
610 1 |a бинарные отношения 
610 1 |a графы 
610 1 |a конечные автоматы 
610 1 |a языки программирования 
610 1 |a булевы алгебры 
610 1 |a моноиды 
610 1 |a группы 
610 1 |a кодирование 
610 1 |a коды 
610 1 |a решетки 
610 1 |a кольца 
610 1 |a конечные поля 
610 1 |a рекуррентные последовательности 
610 1 |a вычислимость 
675 |a 512.8  |v 3 
700 1 |a Биркгоф  |b Г. 
701 1 |a Барти  |b Т. 
801 1 |a RU  |b 63413507  |c 20120125 
801 2 |a RU  |b 63413507  |c 20221219  |g RCR 
942 |c BK